| 000 | 01672nam a2200373 i 4500 | ||
|---|---|---|---|
| 003 | DO-SdBNP | ||
| 005 | 20260526100254.0 | ||
| 007 | ta | ||
| 008 | 260219b2000 dr ad||| |||| 00| 0 spa d | ||
| 020 | _a9789945645972 | ||
| 040 |
_aDO-SdBNP _bspa _cBNPHU _erda |
||
| 041 | _aspa | ||
| 082 | 4 |
_axxx _bI43e _222 |
|
| 245 | 0 | 0 |
_aInforme estadístico y cualitativo sobre los usuarios en la justicia en la República Dominicana en las áreas civil-comercial y laboral / _cSantos Pastor... [y otros cuatros] ; presentación, Francisco Domínguez Brito. |
| 246 | _aLa justicia civil en la República Dominicana | ||
| 250 | _aVersión preliminar | ||
| 264 |
_aSanto Domingo, República Dominicana : _bFundación Institucionalidad y Justicia, _c2000 |
||
| 300 |
_a169 páginas : _bilustraciones, gráficos ; _c23 cm. |
||
| 336 |
_atexto _btxt _2rdacontent |
||
| 337 |
_asin mediación _bn _2rdamedia |
||
| 338 |
_avolumen _bnc _2rdacarrier |
||
| 500 | _aCoordinado por Fundación Institucionalidad y Justicia, Inc. con el auspicio del Banco Mundial. | ||
| 505 | _aIntroducción, 11 -- Aspectos legales de la litigiosidad civil, 17 -- Salas civiles de primera instancia, 32 -- Corte de apelación civil, 49 -- Suprema corte de justicia, 65 -- Consideraciones finales, 78 | ||
| 590 | _aInventariado, 2026 /LP | ||
| 700 | 1 |
_aPastor, Santos, _989759 |
|
| 700 | 1 |
_aVargas, Carmen, _989760 |
|
| 700 | 1 |
_aHasbún, Julia, _935806 |
|
| 700 | 1 |
_aDuarte, Isis, _92123 |
|
| 700 | 1 |
_aJesús, Glenys de, _989761 |
|
| 700 | 1 |
_aDomínguez Brito, Francisco, _epresentador _4pr. _910323 |
|
| 710 | 1 | _aFundación Institucionalidad y Justicia | |
| 910 | _aLP | ||
| 942 |
_2ddc _cLBS1 |
||
| 999 |
_c60377 _d60378 |
||